| 000 | 00579nam a2200193 u 4500 | ||
|---|---|---|---|
| 005 | 20240315063657.0 | ||
| 008 | 100202s2004 ve r 000 0 spa d | ||
| 020 | _a9800112588 | ||
| 035 | _aUPN01000174415 | ||
| 049 | _aI | ||
| 050 | 4 |
_aPZ75 _bA5.3 |
|
| 100 | 1 |
_aAntillano, Laura, _d1950- _931161 |
|
| 245 | 1 | 0 |
_aEmilio en busca del enmascarado de plata / _cLaura Antillano. |
| 260 |
_aCaracas : _bMonte Avila, _b2005. |
||
| 300 | _a183 p. | ||
| 440 | 0 | _aVerde : para lectores de 12 aƱos en adelante | |
| 650 | 4 |
_aCuentos infantiles venezolanos _910764 |
|
| 905 | _aInfantil | ||
| 999 |
_c146519 _d146519 |
||